Házépítés - saját kezűleg

Elmentve itt :
Bibliográfiai részletek
Szerző: Gazdagh István
Dokumentumtípus: Cikk
Megjelent: 1966-10-09
Sorozat:Délmagyarország 56 No. 239
Kulcsszavak:Építkezés Szeged 1966, lakóházépítések, felújítások
Online Access:http://dmarchiv.bibl.u-szeged.hu/64319
LEADER 00501nab a2200157 i 4500
001 delm64319
005 20180927151328.0
008 180927s1966 hu o 0|| hun d
040 |a SZTE Délmagyarország Archívum  |b hun 
041 |a hun 
100 1 |a Gazdagh István 
245 1 0 |a Házépítés - saját kezűleg  |h [elektronikus dokumentum] /  |c  Gazdagh István 
260 |c 1966-10-09 
300 |a 5 
490 0 |a Délmagyarország  |v 56 No. 239 
695 |a Építkezés Szeged 1966, lakóházépítések, felújítások